| 000 | 01105nmc a2200397 a 4500 | ||
|---|---|---|---|
| 003 | AR-BaBNM | ||
| 005 | 20251128205608.0 | ||
| 008 | 278019s1991 ||||||||||||||000 | spa|| | ||
| 020 | _a968-23-0496-2 | ||
| 040 | _cAR-BaBNM | ||
| 245 | 1 | 0 | _aBizancio |
| 250 | _a10ª ed. | ||
| 260 |
_aMéxico, D.F. _bSiglo Veintiuno _c1991 |
||
| 300 | 0 |
_a422 p. _bmapas |
|
| 490 | 0 |
_aHistoria Universal siglo XXI _vv. 13 |
|
| 500 | 0 | _aIndice alfabético p. 409-421 | |
| 504 | _aBibliografía p. 389-408 | ||
| 650 | 4 | _aHISTORIA MEDIEVAL | |
| 650 | 4 | _aHISTORIA BIZANTINA | |
| 650 | 4 | _aHISTORIA CULTURAL | |
| 650 | 4 | _aRELIGION | |
| 650 | 4 | _aCRISTIANISMO | |
| 650 | 4 | _aGUERRA | |
| 651 | 4 | _aBizancio | |
| 651 | 4 | _aRoma | |
| 653 | _aCRUZADAS | ||
| 700 | 1 |
_aBeckedorf, Hermann _ecolaborador |
|
| 700 | 1 |
_aHecht, Winfried _ecolaborador |
|
| 700 | 1 |
_aHerrin, Judith _ecolaborador |
|
| 700 | 1 |
_aNicol, Donald M. _ecolaborador |
|
| 700 | 1 |
_aNolla, María _etraductor |
|
| 700 | 1 |
_aPalacios, María del Carmen _etraductor |
|
| 700 | 1 |
_aMaier, Franz Georg _ecompilador |
|
| 942 | _cBK | ||
| 998 | _cMariana | ||
| 999 |
_c12052 _d12052 |
||